<?xml version="1.0" encoding="UTF-8"?>
<record
    xmlns:xsi="http://www.w3.org/2001/XMLSchema-instance"
    xsi:schemaLocation="http://www.loc.gov/MARC21/slim http://www.loc.gov/standards/marcxml/schema/MARC21slim.xsd"
    xmlns="http://www.loc.gov/MARC21/slim">

  <leader>00762nam a2200241 i 4500</leader>
  <controlfield tag="001">C2-0171899</controlfield>
  <controlfield tag="003">PPAK</controlfield>
  <controlfield tag="005">20180728093915.0</controlfield>
  <controlfield tag="008">980825s1969    my a|||| |||||  |   eng d</controlfield>
  <datafield tag="022" ind1=" " ind2=" ">
    <subfield code="a">0375-3050</subfield>
  </datafield>
  <datafield tag="040" ind1=" " ind2=" ">
    <subfield code="a">PPAK</subfield>
    <subfield code="b">eng</subfield>
    <subfield code="c">PPAK</subfield>
    <subfield code="e">rda</subfield>
  </datafield>
  <datafield tag="082" ind1="0" ind2="4">
    <subfield code="a">069.705</subfield>
    <subfield code="2"> 23</subfield>
  </datafield>
  <datafield tag="090" ind1="0" ind2="0">
    <subfield code="a">069.705</subfield>
    <subfield code="b">SAR</subfield>
    <subfield code="d">KWI</subfield>
  </datafield>
  <datafield tag="245" ind1="0" ind2="4">
    <subfield code="a">The Sarawak Museum journal</subfield>
  </datafield>
  <datafield tag="264" ind1=" " ind2="1">
    <subfield code="a">Sarawak : </subfield>
    <subfield code="b">The Museum, Kuching, Sarawak , </subfield>
    <subfield code="c">[1969,1970,1971,1972,1974,1975,1976,1977,1979,1982,1984)</subfield>
  </datafield>
  <datafield tag="300" ind1=" " ind2=" ">
    <subfield code="b">illustrations ; </subfield>
    <subfield code="c">25 cm</subfield>
  </datafield>
  <datafield tag="336" ind1=" " ind2=" ">
    <subfield code="2">rdacontent</subfield>
    <subfield code="a">text</subfield>
  </datafield>
  <datafield tag="337" ind1=" " ind2=" ">
    <subfield code="2">rdamedia</subfield>
    <subfield code="a">unmediated</subfield>
  </datafield>
  <datafield tag="338" ind1=" " ind2=" ">
    <subfield code="2">rdacarrier</subfield>
    <subfield code="a">volume</subfield>
  </datafield>
  <datafield tag="500" ind1=" " ind2=" ">
    <subfield code="a">Annually ; Vol. ; Description based on : Vol. XIX, No: 38-39, 1971</subfield>
  </datafield>
  <datafield tag="650" ind1="1" ind2="0">
    <subfield code="a">Museum publications - Sarawak</subfield>
  </datafield>
  <datafield tag="942" ind1=" " ind2=" ">
    <subfield code="d">dc</subfield>
    <subfield code="c">B</subfield>
  </datafield>
  <datafield tag="999" ind1=" " ind2=" ">
    <subfield code="c">154848</subfield>
    <subfield code="d">154848</subfield>
  </datafield>
  <datafield tag="952" ind1=" " ind2=" ">
    <subfield code="0">0</subfield>
    <subfield code="7">1</subfield>
    <subfield code="b">PPAK</subfield>
    <subfield code="c">KWI</subfield>
    <subfield code="d">1998-08-25</subfield>
    <subfield code="o">KWI 069.705 SAR</subfield>
    <subfield code="p">A00215522</subfield>
    <subfield code="r">2018-06-01 00:00:00</subfield>
    <subfield code="y">B</subfield>
  </datafield>
  <datafield tag="952" ind1=" " ind2=" ">
    <subfield code="0">0</subfield>
    <subfield code="7">1</subfield>
    <subfield code="b">PPAK</subfield>
    <subfield code="c">KWI</subfield>
    <subfield code="d">1998-08-25</subfield>
    <subfield code="o">KWI 069.705 SAR</subfield>
    <subfield code="p">A00215523</subfield>
    <subfield code="r">2018-06-01 00:00:00</subfield>
    <subfield code="y">B</subfield>
  </datafield>
  <datafield tag="952" ind1=" " ind2=" ">
    <subfield code="0">0</subfield>
    <subfield code="7">1</subfield>
    <subfield code="b">PPAK</subfield>
    <subfield code="c">KWI</subfield>
    <subfield code="d">1998-08-25</subfield>
    <subfield code="o">KWI 069.705 SAR</subfield>
    <subfield code="p">A00215524</subfield>
    <subfield code="r">2018-06-01 00:00:00</subfield>
    <subfield code="y">B</subfield>
  </datafield>
  <datafield tag="952" ind1=" " ind2=" ">
    <subfield code="0">0</subfield>
    <subfield code="7">1</subfield>
    <subfield code="b">PPAK</subfield>
    <subfield code="c">KWI</subfield>
    <subfield code="d">1998-08-25</subfield>
    <subfield code="o">KWI 069.705 SAR</subfield>
    <subfield code="p">A00215525</subfield>
    <subfield code="r">2018-06-01 00:00:00</subfield>
    <subfield code="y">B</subfield>
  </datafield>
  <datafield tag="952" ind1=" " ind2=" ">
    <subfield code="0">0</subfield>
    <subfield code="7">1</subfield>
    <subfield code="b">PPAK</subfield>
    <subfield code="c">KWI</subfield>
    <subfield code="d">1998-08-25</subfield>
    <subfield code="o">KWI 069.705 SAR</subfield>
    <subfield code="p">A00215521</subfield>
    <subfield code="r">2018-06-01 00:00:00</subfield>
    <subfield code="y">B</subfield>
  </datafield>
  <datafield tag="952" ind1=" " ind2=" ">
    <subfield code="0">0</subfield>
    <subfield code="7">1</subfield>
    <subfield code="b">PPAK</subfield>
    <subfield code="c">KWI</subfield>
    <subfield code="d">1998-08-25</subfield>
    <subfield code="o">KWI 069.705 SAR</subfield>
    <subfield code="p">A00215518</subfield>
    <subfield code="r">2018-06-01 00:00:00</subfield>
    <subfield code="y">B</subfield>
  </datafield>
  <datafield tag="952" ind1=" " ind2=" ">
    <subfield code="0">0</subfield>
    <subfield code="7">1</subfield>
    <subfield code="b">PPAK</subfield>
    <subfield code="c">KWI</subfield>
    <subfield code="d">1998-08-25</subfield>
    <subfield code="o">KWI 069.705 SAR</subfield>
    <subfield code="p">A00215519</subfield>
    <subfield code="r">2018-06-01 00:00:00</subfield>
    <subfield code="y">B</subfield>
  </datafield>
  <datafield tag="952" ind1=" " ind2=" ">
    <subfield code="0">0</subfield>
    <subfield code="7">1</subfield>
    <subfield code="b">PPAK</subfield>
    <subfield code="c">KWI</subfield>
    <subfield code="d">1998-08-25</subfield>
    <subfield code="o">KWI 069.705 SAR</subfield>
    <subfield code="p">A00215520</subfield>
    <subfield code="r">2018-06-01 00:00:00</subfield>
    <subfield code="y">B</subfield>
  </datafield>
  <datafield tag="952" ind1=" " ind2=" ">
    <subfield code="0">0</subfield>
    <subfield code="7">1</subfield>
    <subfield code="b">PPAK</subfield>
    <subfield code="c">KWI</subfield>
    <subfield code="d">1999-06-29</subfield>
    <subfield code="o">KWI 069.705 SAR</subfield>
    <subfield code="p">A00215043</subfield>
    <subfield code="r">2018-06-01 00:00:00</subfield>
    <subfield code="y">B</subfield>
  </datafield>
  <datafield tag="952" ind1=" " ind2=" ">
    <subfield code="0">0</subfield>
    <subfield code="7">1</subfield>
    <subfield code="b">PPAK</subfield>
    <subfield code="c">KWI</subfield>
    <subfield code="d">1999-08-18</subfield>
    <subfield code="o">KWI 069.705 SAR</subfield>
    <subfield code="p">A00215028</subfield>
    <subfield code="r">2018-06-01 00:00:00</subfield>
    <subfield code="y">B</subfield>
  </datafield>
  <datafield tag="952" ind1=" " ind2=" ">
    <subfield code="0">0</subfield>
    <subfield code="7">1</subfield>
    <subfield code="b">PPAK</subfield>
    <subfield code="c">KWI</subfield>
    <subfield code="d">2000-02-15</subfield>
    <subfield code="o">KWI 069.705 SAR</subfield>
    <subfield code="p">A00215964</subfield>
    <subfield code="r">2018-06-01 00:00:00</subfield>
    <subfield code="y">B</subfield>
  </datafield>
  <datafield tag="952" ind1=" " ind2=" ">
    <subfield code="0">0</subfield>
    <subfield code="7">1</subfield>
    <subfield code="b">PPAK</subfield>
    <subfield code="c">KWI</subfield>
    <subfield code="d">2003-08-21</subfield>
    <subfield code="o">KWI 069.705 SAR</subfield>
    <subfield code="p">A00215397</subfield>
    <subfield code="r">2018-06-01 00:00:00</subfield>
    <subfield code="y">B</subfield>
  </datafield>
</record>
